Tạp chí phát triển và hội nhập = Journal of development and integration Số 29
Trong số này trình bày nợ và quản lý nợ công; Nghiên cứu và trao đổi; Phát triển kinh tế địa phương;giáo dục & đào tạo; tham khảo.
Guardat en:
| Format: | Llibre |
|---|---|
| Idioma: | Vietnamese |
| Publicat: |
TP. Hồ Chí Minh
Trường Đại học Kinh tế Tài chính TP. HCM
2016
|
| Matèries: | |
| Etiquetes: |
Afegir etiqueta
Sense etiquetes, Sigues el primer a etiquetar aquest registre!
|
| Thư viện lưu trữ: | Thư viện Trường Đại học Nam Cần Thơ |
|---|
| LEADER | 01184nam a22002297a 4500 | ||
|---|---|---|---|
| 001 | NCT_120862 | ||
| 008 | 220509b xxu||||| |||| 00| 0 vie d | ||
| 999 | |c 6184 |d 6184 | ||
| 022 | |a 1859-428X | ||
| 041 | |a vie | ||
| 082 | 0 | 4 | |2 23rd ed. |a 330 |b T109C |
| 245 | 0 | 0 | |a Tạp chí phát triển và hội nhập = |b Journal of development and integration |n Số 29 |c Trường Đại học Kinh tế Tài chính TP. HCM |
| 260 | |a TP. Hồ Chí Minh |b Trường Đại học Kinh tế Tài chính TP. HCM |c 2016 | ||
| 300 | |c 30cm | ||
| 310 | |a Hàng tháng | ||
| 362 | |a 07-08/2016 | ||
| 520 | 3 | |a Trong số này trình bày nợ và quản lý nợ công; Nghiên cứu và trao đổi; Phát triển kinh tế địa phương;giáo dục & đào tạo; tham khảo. | |
| 655 | |a Tạp chí | ||
| 942 | |2 ddc |c CR | ||
| 952 | |0 0 |1 0 |2 ddc |4 0 |6 330_000000000000000_T109C |7 0 |9 23697 |a 000001 |b 000001 |d 2022-05-09 |o 330 T109C |r 2022-05-09 |w 2022-05-09 |y CR | ||
| 952 | |0 0 |1 0 |2 ddc |4 0 |6 330_000000000000000_T109C |7 0 |9 23698 |a 000001 |b 000001 |d 2022-05-09 |o 330 T109C |r 2022-05-09 |w 2022-05-09 |y CR | ||
| 980 | |a Thư viện Trường Đại học Nam Cần Thơ | ||